Alle Formule 1-teams sinds 1950 | Nederlands - Statistieken

Algemene statistieken
  • Deze quiz is 349 keer genomen
  • De gemiddelde score is 60 van 179
Antwoordstatistieken
Eerste jaar Vorig jaar Team % Correct
1950 Ferrari
98%
1965 1965 RE
97%
2005 Red Bull
95%
1954 Mercedes
92%
1966 McLaren
90%
1975 Williams
85%
1977 2020 Renault
81%
1993 Sauber
80%
2021 Alpine
79%
1959 Aston Martin
79%
2016 Haas
79%
1950 2023 Alfa Romeo
74%
2020 2023 Alpha Tauri
73%
1952 1953 BMW
67%
2012 2015 Lotus F1
67%
1958 1994 Team Lotus
67%
2024 Racing Bulls
64%
2008 2018 Force India
63%
2016 2020 Racing Point
62%
1964 2008 Honda
60%
2006 2019 Toro Rosso
59%
2000 2004 Jaguar
58%
2009 2009 Brawn
57%
1957 1964 Porsche
53%
1962 1992 Brabham
49%
1986 2001 Benetton
48%
1991 2005 Jordan
48%
1985 2005 Minardi
48%
2002 2009 Toyota
48%
1991 1991 Lambo
46%
2006 2007 Spyker
46%
1950 1960 Maserati
45%
1997 2001 Prost
44%
1956 1956 Bugatti
42%
1999 2005 BAR
41%
2010 2014 Caterham
41%
2010 2012 HRT
41%
1976 1996 Ligier
41%
2012 2016 Manor
41%
1997 1999 Stewart
41%
1978 2002 Arrows
40%
2006 2006 Midland
38%
1951 1977 BRM
37%
1994 1995 Simtek
36%
2006 2008 Super Aguri
36%
1962 1993 Lola
35%
1970 1998 Tyrrell
35%
1977 1979 Wolf
35%
1977 1977 Apollo
34%
1976 1977 Boro
34%
1975 1975 Hill
34%
1954 1955 Lancia
34%
1989 1990 Onyx
34%
1960 1960 Behra-Porsche
33%
1987 1989 Coloni
33%
1960 1969 Cooper-Maserati
33%
1961 1970 De Tomaso
33%
1995 1996 Forti
33%
1990 1990 Life
33%
1974 1977 Penske
33%
1983 1985 RAM
33%
1983 1985 Spirit
33%
1970 1978 Surtees
33%
1950 1950 Adams
32%
2006 2010 BMW Sauber
32%
1968 1968 Cooper-BRM
32%
1950 1967 Cooper-Climax
32%
1953 1953 EMW
32%
1962 1962 ENB
32%
1975 1982 Fittipaldi
32%
1991 1992 Fondmetal
32%
1974 1978 Hesketh
32%
1959 1961 JBW
32%
1950 1950 Langley
32%
1990 1991 Leyton House
32%
1978 1978 Martini
32%
1950 1953 Simca
32%
1959 1959 Tec-Mec
32%
1969 1973 Tecno
32%
1954 1960 Vanwall
32%
1986 1991 AGS
31%
1963 1984 ATS
31%
1959 1959 Elder
31%
1951 1954 HWM
31%
1977 1977 LEC
31%
1950 1950 Milano
31%
1973 1980 Shadow
31%
1976 1976 Wolf-Williams
31%
1952 1953 AFM
30%
1992 1992 Andrea Moda
30%
1957 1959 Dunn
30%
1950 1952 ERA
30%
1988 1990 Euro Brun
30%
1950 1960 Ewing
30%
1991 1996 Footwork
30%
1973 1974 Iso Marlboro
30%
1950 1950 Rae
30%
1988 1989 Rial
30%
1963 1964 Scirocco
30%
1974 1974 Token
30%
1974 1974 Trojan
30%
2010 2011 Virgin Racing
30%
1977 1977 Copersucar-Fittipaldi
29%
1988 1992 Dallara
29%
1959 1959 Fry
29%
1976 1977 Kojima
29%
1987 1994 Larrousse
29%
1962 1968 LDS
29%
1970 1992 March
29%
1977 1977 McGuire
29%
1950 1959 Moore
29%
1959 1959 Sutton
29%
1966 1969 Eagle
27%
1961 1961 Ferguson
27%
1974 1976 Maki
27%
1961 1961 MBM
27%
1994 1995 Pazific
27%
1960 1960 Scarab
27%
1950 1956 Stevens
27%
1967 1972 Matra
26%
1974 1976 Parnelli
26%
1950 1960 Watson
26%
1963 1964 BRP
25%
1961 1961 FISA
25%
1950 1951 Talbot-Lago
25%
1950 1952 Alta
24%
1973 1982 Ensign
24%
1950 1954 Nichels
24%
1951 1958 Osca
24%
1954 1960 Phillips
24%
1974 1974 Amon
23%
1974 1975 Lyncar
22%
1951 1951 Hall
21%
1967 1967 Protos
21%
1951 1953 Veritas
21%
1956 1962 Emeryson
20%
1950 1960 Kurtis Kraft
20%
1951 1955 Pawl
20%
1951 1952 Sherman
20%
1960 1960 Cooper-Castellotti
19%
1950 1952 Deidt
19%
1950 1951 Marchese
19%
1950 1950 Olson
19%
1952 1952 Aston Butterworth
18%
1951 1954 Bromme
18%
1959 1960 Christensen
18%
1952 1952 Cisitalia
18%
1972 1972 Connew
18%
1952 1952 Frazer-Nash
18%
1954 1954 Klenk
18%
1950 1950 Snowberger
18%
1951 1960 Trevis
18%
1950 1950 Clemente Biondetti
16%
1952 1959 Connaught
16%
1950 1960 Lesovsky
16%
1960 1960 Meskowski
16%
1966 1966 Shannon
16%
1978 1983 Theodore
16%
1981 1985 Toleman
16%
1953 1953 Turner
16%
1955 1960 Epperly
15%
1952 1956 Gordini
15%
1972 1972 Politoys
15%
1963 1963 Stebro
15%
1950 1950 Wetteroth
15%
1985 1989 Zakspeed
15%
1961 1963 Gilby
14%
1954 1955 Pankratz
14%
1970 1971 Bellasi
13%
1979 1979 Rebaque
13%
1955 1955 Arzani-Volpini
12%
1980 1990 Osella
12%
1951 1960 Kuzma
11%
1951 1955 Schroeder
11%
1953 1953 Del Roy
10%
1979 1979 Kauhsen
10%
1978 1979 Merzario
9%
1964 1964 Derrington-Francis
4%
1961 1961 Scuderia Sant Ambroeus
1%
Geen overeenkomende quizzen gevonden
Scoreverdeling
Procent van Mensen met Elke Score
Percentiel versus Aantal Correcte Antwoorden
Uw Scoregeschiedenis
U heeft deze quiz nog niet genomen